| 000 | 00904nam a2200265Ia 4500 | ||
|---|---|---|---|
| 003 | OSt | ||
| 005 | 20220923220849.0 | ||
| 006 | a|||||r|||| 00| 0 | ||
| 007 | ta | ||
| 008 | 220922b |||||||| |||| 00| 0 hin d | ||
| 024 | _a191,585 | ||
| 037 | _cTextual | ||
| 040 |
_aARTS _cARTS _bhin |
||
| 041 |
_2hin _ahin |
||
| 082 | _aV2y7M95:g, 152L9 | ||
| 100 | _aपाण्डेय, जनार्दन | ||
| 245 | 0 | _aसर्वोदय का राजनीति दर्शन | |
| 246 | _aSarvodaya kā rājanīti darshana | ||
| 260 |
_aनई दिल्ली _b जानकी प्रकाशन _c1979 |
||
| 300 |
_a308पृ. _ccm. |
||
| 650 |
_a भारत-इतिहास _9156353 |
||
| 650 | _aविश्व-इतिहास | ||
| 942 |
_hV2y7M95:g, 152L9 _cTEXL _2CC |
||
| 999 |
_c344265 _d344265 |
||